Podpora podnikania a inovácií pre MSP

Malé a stredné podniky sú strategickou cieľovou skupinou Európskej komisie pri plánovaní podporných fondov a programov zameraných na výskumno-vývojové a inovačné aktivity. Program na podporu konkurencieschopnosti a inovácií (CIP) pripravil na roky 2007 až 2013 vyše 3,6 mld eur. Nový program sa bude...

Descripción completa

Guardado en:
Detalles Bibliográficos
Autor principal: Filus, Ivan
Formato: Capítulo de libro
Lenguaje:eslovaco
Materias:
Etiquetas: Agregar Etiqueta
Sin Etiquetas, Sea el primero en etiquetar este registro!

MARC

LEADER 00000naa$a2200000$$$4500
001 0056447
005 20230929122019.1
041 0 |a slo 
044 |a SK 
245 1 0 |a Podpora podnikania a inovácií pre MSP  |c Ivan Filus 
520 |a Malé a stredné podniky sú strategickou cieľovou skupinou Európskej komisie pri plánovaní podporných fondov a programov zameraných na výskumno-vývojové a inovačné aktivity. Program na podporu konkurencieschopnosti a inovácií (CIP) pripravil na roky 2007 až 2013 vyše 3,6 mld eur. Nový program sa bude zameriavať na prístup k finančným prostriedkom na začatie činnosti a rast MSP a na investovanie do inovačných činností, vytváranie prostredia priaznivého pre spoluprácu MSP a všetky formy inovácií. 
610 2 0 |a podnikanie malé 
610 2 0 |a podnikanie stredné 
610 2 0 |a Európska únia 
610 2 0 |a Slovensko 
610 2 0 |a programy rozvojové 
610 2 0 |a podpora podnikania 
100 1 |a Filus, Ivan